| 000 | 01020nam a22002895i 4500 | ||
|---|---|---|---|
| 001 | 176166 | ||
| 003 | ES-MaACL | ||
| 005 | 20230906220017.0 | ||
| 008 | 101221s1976 sp a |||| | spa d | ||
| 020 | _a84-345-1601-2 | ||
| 080 | _a612.61:616.4 | ||
| 245 | 0 | 4 |
_aLos testículos / _cW. R. Butt, D. R. London ; consejo editorial J. R. Bierich... [et al.] ; [traducción española de José Mª Dachs Orrit]. |
| 260 |
_aBarcelona [etc.] : _bSalvat, _cD. L. 1976. |
||
| 300 |
_aX, 226 p. : _bil. bl. y n. ; _c25 cm. |
||
| 490 | 1 |
_aClínica endocrinológica ; _v3/3 |
|
| 500 | _aÍndice. | ||
| 504 | _aBibliografía. | ||
| 594 | _aTít. original: The Testis. | ||
| 650 | 0 | 4 |
_aAparato genital masculino- _xEnfermedades. _9144444 |
| 700 | 1 |
_aButt, W. R. _9144442 |
|
| 700 | 1 |
_aLondon, D. R. _9144443 |
|
| 700 | 1 |
_aBierich, J. R. _9144420 |
|
| 700 | 0 |
_aDachs Orrit, José María. _942410 |
|
| 830 | 0 |
_aClínica endocrinológica ; _v3/3 _9189956 |
|
| 852 |
_aES-MaACL _jE-13847 _xOlim P-263 |
||
| 999 |
_c176166 _d176166 |
||